| 000 | 01704nam a22002537a 4500 | ||
|---|---|---|---|
| 999 |
_c62134 _d62134 |
||
| 003 | Ge_BSU | ||
| 005 | 20240719112225.0 | ||
| 008 | 240719s2023 ge ||||| |||| 00| 0 geo d | ||
| 020 | _a9789941289491 | ||
| 041 | _ageo | ||
| 080 | _a69(038):81'374.26:69=353.1 გ-44 | ||
| 100 |
_aგვიშიანი, ზურაბ. _eავტორი. _921018 |
||
| 245 |
_aსამშენებლო ტერმინების მოკლე განმარტებითი ლექსიკონი / _cზურაბ გვიშიანი, თამაზ ხმელიძე ; სამეცნიერო რედაქტორი მერაბ ნიკოლაიშვილი ; |
||
| 264 |
_aთბილისი : _bტექნიკური უნივერსიტეტი, _c 2023. |
||
| 300 |
_a222 გვ. ; _b 24 სმ. |
||
| 504 | _aბიბლიოგრაფია: გვ. 220-221. | ||
| 546 | _aთავფურცლის მე-3 გვერდი ინგლისურ ენაზე. | ||
| 653 | _aსამშენებლო საქმე -- ლექსიკონები. | ||
| 700 |
_aხმელიძე, თამაზ _e ავტორი _922882 |
||
| 700 |
_aნიკოლაიშვილი, მერაბ _eსამეცნიერო რედაქტორი. _921020 |
||
| 711 |
_a საქართველოს ტექნიკური უნივერსიტეტი. _922883 |
||
| 856 |
_uhttps://dspace.nplg.gov.ge/bitstream/1234/451647/1/SamshenebloTerminebisMokleGanmartebitiLeqsikoni.pdf _yელექტრონული ვერსია |
||
| 942 |
_2udc _cᲬᲘᲒᲜᲘ |
||